| 000 | 00489pab a2200157 454500 | ||
|---|---|---|---|
| 008 | 180718b2001 xxu||||| |||| 00| 0 eng d | ||
| 100 | _aKovriga, Alexander V. | ||
| 245 | _aUrban management and local government as new institutions in the new Ukraine | ||
| 260 | _c2001 | ||
| 300 | _ap.163-78 | ||
| 650 | _aUrban development - Ukraine | ||
| 650 | _aLocal government - Ukraine | ||
| 650 | _aLocal government | ||
| 773 | _aInternational Journal of Public Administration | ||
| 909 | _a48250 | ||
| 999 |
_c48250 _d48250 |
||